Statistiken für Nebenflüsse der Donau

Klicken Sie hier um das Quiz zu spielen!

Allgemein

  • Dieses Quiz wurde 98 mal gespielt
  • Das Durchschnittsergebnis liegt bei 8 aus 32

Antwortstatistiken

SeiteLänge#Fluss% Korrekt
Rechts738 kmIInn
97%
Rechts175 kmIIsar
91%
Rechts264 kmLLech
87%
Links169 kmRRegen
76%
Rechts147 kmIIller
64%
Links165 kmNNaab
55%
Rechts749 kmDDrau
50%
Links220 kmAAltmühl
49%
Rechts945 kmSSave
44%
Rechts254 kmEEnns
33%
Rechts153 kmTTraun
31%
Links358 kmMMarch
22%
Links153 kmKKamp
19%
Rechts180 kmLLeitha
19%
Rechts250 kmRRaab
18%
Links1.308 kmTTheiß
17%
Links953 kmPPruth
5%
Links737 kmOOlt
3%
Links403 kmWWaag
3%
Links298 kmHHron
1%
Links331 kmJJiu
1%
Links327 kmAArgeș
0%
Links417 kmIIalomița
0%
Links233 kmIIpeľ
0%
Rechts368 kmIIskar
0%
Rechts285 kmJJantra
0%
Rechts113 kmKKapos
0%
Rechts185 kmMMorova
0%
Links596 kmSSereth
0%
Links340 kmTTemesch
0%
Rechts203 kmTTimok
0%
Links224 kmVVedea
0%

Verteilung der Resultate

Perzentil nach korrekt beantworteten Fragen

Anzahl Personen mit jedem Resultat

Ihre Resultats-Entwicklung

Sie haben dieses Quiz noch nicht gespielt